[Event "IECG CN.2002.0.00291 email"]
[Site "IECG email"]
[Date "2002.04.16"]
[Round "?"]
[White "Aubrac, Philippe"]
[Black "Varas, Pablo"]
[Result "1-0"]
[WhiteElo "800"]
[BlackElo "800"]
[PlyCount "103"]
[EventDate "2002.04.16"]
[EventType "tourn (corr)"]
[EventRounds "6"]
[SourceTitle "Corr 2008"]
[Source "ChessBase"]
[SourceDate "2008.06.24"]
[SourceVersion "1"]
[SourceVersionDate "2008.06.24"]
[SourceQuality "1"]

1. e4 e5 2. Nf3 Nf6 3. d4 exd4 4. e5 Nd5 5. Qxd4 Nb6 6. Nc3 d5 7. exd6 Qxd6 8. Bf4 Qe6+ 9. Be2 Nc6 10. Qd1 Bb4 11. 0-0 Bxc3 12. bxc3 0-0 13. Bxc7 Na4 14. Qd2 Nxc3 15. Bd3 Qf6 16. Rfe1 Be6 17. Ng5 g6 18. Nxe6 fxe6 19. Bc4 Ne4 20. Qe3 Rac8 21. Bg3 Na5 22. Bd3 Nxg3 23. hxg3 Rf7 24. Qxa7 Nc6 25. Qe3 Nb4 26. Qd2 Qd4 27. Rad1 Nxd3 28. cxd3 Rcf8 29. Re2 e5 30. Rde1 Kg7 31. Rb1 Rd8 32. Qe1 Qxd3 33. Rxe5 Qd2 34. a4 Qxe1+ 35. Rexe1 Rd4 36. a5 Rd5 37. Ra1 h6 38. Reb1 h5 39. Rb6 g5 40. Ra2 Re7 41. g4 hxg4 42. Kh2 Rd3 43. Rab2 Ra3 44. Rxb7 Rxb7 45. Rxb7+ Kf8 46. Ra7 Ke8 47. Ra8+ Kd7 48. a6 Kc7 49. Rg8 g3+ 50. fxg3 Rxa6 51. Rxg5 Rh6+ 52. Kg1 1-0